=LDR 00000nam 2200000 4500 =001 INLIS000000000047713 =005 20160212144622.0 =006 =007 =008 =020 ##$$a 979-456-113-4 =035 ##$$0010-021600000000101 =082 ##$$a 410.1 =090 ##$$a 410.1 Lee p =100 ##$$a Leech, Geoffrey =245 ##$$a Prinsip-prinsip Pragmatik =260 ##$$a Jakarta $b Universitas Indonesia $c 1993 =300 ##$$a xii; 381 hlm $b Ilus $c 21 cm =990 ##$$a 0001/BPAP-NTB/2016